[Event "Skopje op"]
[Site "Skopje"]
[Date "2023.12.08"]
[Round "3"]
[White "De Block, Yordi"]
[Black "Zlatkov, Anton"]
[Result "0-1"]
[WhiteElo "2039"]
[BlackElo "2204"]
[PlyCount "56"]
[EventDate "2023.12.06"]
[EventType "swiss"]
[EventRounds "9"]
[EventCountry "MKD"]
[SourceTitle "CB50_2023"]
[SourceDate "2023.12.13"]
[SourceVersion "1"]
[SourceVersionDate "2023.12.13"]
[SourceQuality "1"]

1. d4 Nf6 2. c4 e6 3. Nf3 Bb4+ 4. Bd2 Qe7 5. Nc3 0-0 6. Qc2 d6 7. e4 e5 8. dxe5 dxe5 9. a3 Bxc3 10. Bxc3 Nc6 11. Be2 a5 12. 0-0 a4 13. Rad1 b6 14. Bd2 Nd7 15. Be3 Nc5 16. Bxc5 bxc5 17. Rfe1 Bg4 18. Rd3 Bxf3 19. Bxf3 Nd4 20. Qd2 Rfb8 21. Bd1 Ra6 22. Rf1 Rab6 23. Bxa4 Rxb2 24. Qa5 g6 25. Bd1 Ra2 26. Rd2 Ra1 27. Bg4 Rxf1+ 28. Kxf1 Nb3 0-1

[Event "Antwerp World Uni op"]
[Site "Antwerp"]
[Date "2022.09.17"]
[Round "9"]
[White "Van Dijck, Bjarne"]
[Black "De Block, Yordi"]
[Result "1/2-1/2"]
[WhiteElo "2080"]
[BlackElo "2100"]
[PlyCount "110"]
[EventDate "2022.09.12"]
[EventType "swiss"]
[EventRounds "9"]
[EventCountry "BEL"]
[SourceTitle "EXT 2023"]
[Source "ChessBase"]
[SourceDate "2022.10.05"]
[SourceVersion "1"]
[SourceVersionDate "2022.10.05"]
[SourceQuality "1"]

1. Nf3 d5 2. g3 Nf6 3. Bg2 c5 4. 0-0 Nc6 5. d4 e6 6. c4 dxc4 7. dxc5 Qxd1 8. Rxd1 Bxc5 9. Nbd2 c3 10. bxc3 e5 11. Nb3 Bb6 12. Nfd2 Be6 13. Ba3 0-0-0 14. Nc5 Bg4 15. Kf1 Na5 16. Bb4 Nc6 17. Nc4 Bc7 18. Ne3 Be6 19. Nxe6 fxe6 20. Bh3 Rhe8 21. Rxd8+ Bxd8 22. Rd1 a5 23. Ba3 Ne4 24. Nc4 Bc7 25. Rd3 Na7 26. Bg2 Nf6 27. Bc5 Nb5 28. a4 e4 29. Re3 Rd8 30. Ke1 Nd6 31. Nxd6+ Bxd6 32. Bb6 Nd5 33. Bxd8 Nxe3 34. fxe3 Kxd8 35. Bxe4 h5 36. Bxb7 h4 37. gxh4 Bxh2 38. Kd2 g6 39. Be4 Bg3 40. Bxg6 Bxh4 41. Kd3 Kc7 42. Kc4 Kd6 43. Kb5 Be1 44. c4 e5 45. Bf5 Kc7 46. Be4 Bd2 47. Bf3 Be1 48. c5 Bd2 49. Be4 Bxe3 50. Kxa5 Bxc5 51. Kb5 Bd4 52. Kc4 Kb6 53. Kd5 Ka5 54. e3 Kxa4 55. exd4 exd4 1/2-1/2

[Event "Antwerp World Uni blitz op"]
[Site "Antwerp"]
[Date "2022.09.14"]
[Round "6"]
[White "Verbovsky, Michal"]
[Black "De Block, Yordi"]
[Result "0-1"]
[WhiteElo "1940"]
[BlackElo "2015"]
[PlyCount "136"]
[EventDate "2022.09.14"]
[EventType "swiss (blitz)"]
[EventRounds "9"]
[EventCountry "BEL"]
[SourceTitle "CBM 210 Extra"]
[Source "ChessBase"]
[SourceDate "2022.11.30"]
[SourceVersion "1"]
[SourceVersionDate "2022.11.30"]
[SourceQuality "1"]

1. b3 d5 2. Bb2 c5 3. f4 Nc6 4. Nf3 Nf6 5. e3 g6 6. Bb5 Bg7 7. Ne5 Qc7 8. 0-0 a6 9. Bxc6+ bxc6 10. c4 0-0 11. d3 Be6 12. Nd2 a5 13. a4 Rab8 14. Rc1 Nd7 15. Nxd7 Qxd7 16. Bxg7 Kxg7 17. Qc2 dxc4 18. dxc4 Rfd8 19. Rfd1 Qd3 20. Qb2+ f6 21. Kf2 Rd6 22. Nf3 Qxb3 23. Qxb3 Rxb3 24. Rxd6 exd6 25. Nd2 Rb2 26. Ke1 f5 27. g3 Rb4 28. e4 Rxa4 29. exf5 gxf5 30. Rc3 Kf6 31. h3 h5 32. Ke2 Ra1 33. Kd3 Rh1 34. h4 Ra1 35. Kc2 Bc8 36. Rd3 Ke6 37. Re3+ Kd7 38. Nb3 Ra2+ 39. Kb1 Ra4 40. Rd3 Rxc4 41. Nxa5 Rb4+ 42. Kc2 d5 43. Rd1 Ba6 44. Nb3 Bc4 45. Nxc5+ Kd6 46. Nd3 Bxd3+ 47. Rxd3 c5 48. Ra3 d4 49. Ra6+ Kd5 50. Rf6 Ke4 51. Re6+ Kf3 52. Re5 c4 53. Rxf5 Kxg3 54. Rxh5 Kxf4 55. Rd5 Ke4 56. Rd7 Ra4 57. Re7+ Kd5 58. Rd7+ Ke5 59. h5 Ra2+ 60. Kb1 Rh2 61. Rc7 c3 62. Kc1 Ke4 63. Rg7 Rxh5 64. Rg3 Rh4 65. Kc2 Rh2+ 66. Kb3 Rb2+ 67. Kc4 c2 68. Rg1 Rb1 0-1

[Event "Leuven op"]
[Site "Leuven"]
[Date "2019.11.11"]
[Round "7"]
[White "Petre, Nad Titus"]
[Black "De Block, Yordi"]
[Result "1-0"]
[WhiteElo "2306"]
[BlackElo "2121"]
[PlyCount "55"]
[EventDate "2019.11.08"]
[EventType "swiss"]
[EventRounds "7"]
[EventCountry "BEL"]
[SourceTitle "CBM 193 Extra"]
[Source "ChessBase"]
[SourceDate "2020.01.31"]
[SourceVersion "1"]
[SourceVersionDate "2020.01.31"]
[SourceQuality "1"]

1. c4 Nf6 2. Nc3 c6 3. Nf3 d5 4. e3 e6 5. b3 Bd6 6. Bb2 0-0 7. Qc2 b6 8. Be2 Bb7 9. Rg1 Nbd7 10. g4 Ne5 11. Nxe5 Bxe5 12. f4 Bc7 13. g5 Nd7 14. h4 e5 15. f5 e4 16. f6 g6 17. h5 Ne5 18. hxg6 fxg6 19. 0-0-0 dxc4 20. Qxe4 Nd3+ 21. Bxd3 cxd3 22. Rh1 Qd7 23. Rh6 Qf7 24. Rdh1 Rad8 25. Rxh7 Qxh7 26. Rxh7 Kxh7 27. Qe7+ Kg8 28. Qg7# 1-0

[Event "Leuven op"]
[Site "Leuven"]
[Date "2019.11.10"]
[Round "4"]
[White "De Block, Yordi"]
[Black "Tomov, Georgi"]
[Result "0-1"]
[WhiteElo "2121"]
[BlackElo "2303"]
[PlyCount "118"]
[EventDate "2019.11.08"]
[EventType "swiss"]
[EventRounds "7"]
[EventCountry "BEL"]
[SourceTitle "CBM 193 Extra"]
[Source "ChessBase"]
[SourceDate "2020.01.31"]
[SourceVersion "1"]
[SourceVersionDate "2020.01.31"]
[SourceQuality "1"]

1. e4 c6 2. d4 d5 3. Nd2 dxe4 4. Nxe4 Nf6 5. Nxf6+ exf6 6. c3 Bf5 7. Bd3 Bxd3 8. Qxd3 Bd6 9. Ne2 0-0 10. Be3 Na6 11. 0-0-0 Nc7 12. g4 Nd5 13. Bd2 b5 14. h4 Re8 15. Ng3 Qc7 16. g5 Bxg3 17. fxg3 Qd7 18. Rdf1 Qg4 19. gxf6 Nxf6 20. Rf4 Qe6 21. a3 Nd5 22. Rf2 Qe4 23. Qxe4 Rxe4 24. Rhf1 f6 25. h5 Rae8 26. b3 Re2 27. h6 Rxf2 28. Rxf2 Kf7 29. hxg7 Kxg7 30. Kc2 Kg6 31. Kd3 f5 32. c4 Nf6 33. cxb5 cxb5 34. Rf1 Ne4 35. Bf4 Rc8 36. Bd2 h5 37. Rf3 Kf6 38. Re3 Nf2+ 39. Ke2 Rc2 40. Kxf2 Rxd2+ 41. Kf3 Rxd4 42. Rc3 Kg5 43. Rc7 a5 44. Rg7+ Kf6 45. Ra7 a4 46. b4 Ke5 47. Re7+ Kd6 48. Rf7 Rd3+ 49. Kf4 Rxa3 50. Rxf5 Kc6 51. Rc5+ Kb6 52. Rxh5 Rb3 53. Rh6+ Kc7 54. Ke5 Rxb4 55. Kd5 a3 56. Rh1 Kb6 57. Ra1 Rb3 58. g4 Rg3 59. Kd6 b4 0-1

[Event "Wch U20 57th"]
[Site "Manavgat"]
[Date "2018.09.15"]
[Round "11"]
[White "De Block, Yordi"]
[Black "Yaran, Siar"]
[Result "1/2-1/2"]
[WhiteElo "2118"]
[BlackElo "2271"]
[PlyCount "127"]
[EventDate "2018.09.05"]
[EventType "swiss"]
[EventRounds "11"]
[EventCountry "TUR"]
[SourceTitle "CBM 186 Extra"]
[Source "ChessBase"]
[SourceDate "2018.08.24"]
[SourceVersion "1"]
[SourceVersionDate "2018.08.24"]
[SourceQuality "1"]

1. d4 c5 2. c3 Nf6 3. Nf3 g6 4. Bf4 Bg7 5. e3 b6 6. Be2 Bb7 7. Nbd2 d6 8. h3 Nbd7 9. 0-0 0-0 10. Qc2 Rc8 11. dxc5 Rxc5 12. Rfd1 Qa8 13. Ne1 Ne4 14. Nxe4 Bxe4 15. Qd2 Rfc8 16. f3 Bb7 17. e4 R5c7 18. Nd3 Nc5 19. Nxc5 Rxc5 20. Be3 R5c7 21. Bd4 Bxd4+ 22. Qxd4 Rc5 23. Rac1 Qb8 24. Qe3 Qc7 25. f4 b5 26. Bg4 e6 27. Bf3 b4 28. Rb1 bxc3 29. bxc3 Ba6 30. Qd4 Ra5 31. Qxd6 Rxa2 32. Qxc7 Rxc7 33. Ra1 Rxa1 34. Rxa1 Bb5 35. Kf2 Kg7 36. Be2 Bxe2 37. Kxe2 Rxc3 38. Rxa7 h6 39. Ra5 Kf6 40. h4 Rb3 41. Kf2 Rb8 42. Kf3 Rg8 43. Rb5 g5 44. hxg5+ hxg5 45. g3 gxf4 46. gxf4 Rg1 47. Ra5 Rf1+ 48. Ke3 Rb1 49. Kf3 Rb3+ 50. Kg4 Re3 51. Ra4 Kg7 52. Rb4 Kg6 53. Ra4 Re1 54. Kf3 Rf1+ 55. Kg3 Kf6 56. Rb4 Ra1 57. Rb5 Ra4 58. Kf3 Kg6 59. Rc5 Ra1 60. Rg5+ Kf6 61. Rb5 Ra3+ 62. Kg4 Re3 63. Rb4 Kg6 64. f5+ 1/2-1/2

[Event "Wch U20 57th"]
[Site "Manavgat"]
[Date "2018.09.13"]
[Round "9"]
[White "De Block, Yordi"]
[Black "Taalaibekov, Tagir"]
[Result "0-1"]
[WhiteElo "2118"]
[BlackElo "2291"]
[PlyCount "106"]
[EventDate "2018.09.05"]
[EventType "swiss"]
[EventRounds "11"]
[EventCountry "TUR"]
[SourceTitle "CBM 186 Extra"]
[Source "ChessBase"]
[SourceDate "2018.08.24"]
[SourceVersion "1"]
[SourceVersionDate "2018.08.24"]
[SourceQuality "1"]

1. d4 e6 2. c4 f5 3. Nf3 Nf6 4. g3 d5 5. Bg2 c6 6. 0-0 Bd6 7. b3 0-0 8. Bb2 Bd7 9. Ne5 a5 10. Nc3 Be8 11. Qd3 Ne4 12. cxd5 exd5 13. Nxe4 fxe4 14. Qd2 Nd7 15. f3 exf3 16. Rxf3 Nxe5 17. dxe5 Bc5+ 18. Bd4 Bxd4+ 19. Qxd4 Bh5 20. Rxf8+ Qxf8 21. Rf1 Qb4 22. Qe3 Re8 23. e6 Bg4 24. Rf4 Qe1+ 25. Bf1 Bxe6 26. Qb6 g5 27. Rf2 Qb4 28. Qc7 Qd4 29. Qd6 Bf7 30. Qd7 Bg6 31. Bh3 Qe3 32. Qd6 Qe7 33. Qxe7 Rxe7 34. Kf1 Kg7 35. Ke1 Bb1 36. a3 Re3 37. Rf3 Rxf3 38. exf3 Ba2 39. b4 axb4 40. axb4 b6 41. Kd2 Kf6 42. Ke3 c5 43. bxc5 bxc5 44. Bd7 Bb1 45. Bb5 d4+ 46. Kd2 Ke5 47. Bc4 Bf5 48. Be2 Be6 49. Bd3 h6 50. h4 c4 51. hxg5 hxg5 52. Bc2 c3+ 53. Kc1 Bd5 0-1

[Event "Charleroi op"]
[Site "Charleroi"]
[Date "2018.07.30"]
[Round "4"]
[White "De Block, Yordi"]
[Black "Verbist, Julien"]
[Result "1-0"]
[WhiteElo "2129"]
[BlackElo "1954"]
[PlyCount "51"]
[EventDate "2018.07.28"]
[EventType "swiss"]
[EventRounds "9"]
[EventCountry "BEL"]
[SourceTitle "CBM 185 Extra"]
[Source "ChessBase"]
[SourceDate "2018.07.29"]
[SourceVersion "1"]
[SourceVersionDate "2018.07.29"]
[SourceQuality "1"]

1. e4 e5 2. Nf3 d6 3. d4 exd4 4. Nxd4 Nf6 5. Nc3 Be7 6. Bd3 Bd7 7. Nf5 Bxf5 8. exf5 d5 9. Bf4 a6 10. Qf3 Nc6 11. 0-0-0 Qd7 12. g4 h6 13. Bc4 d4 14. Rhe1 0-0 15. h4 b5 16. Bb3 Na5 17. g5 Nxb3+ 18. axb3 Qxf5 19. Rxe7 dxc3 20. gxf6 cxb2+ 21. Kb1 Qxf6 22. Qe3 Kh7 23. Qe4+ Kh8 24. Be5 Qxf2 25. Bd4 Qh2 26. Rg1 1-0

[Event "Flemish-ch"]
[Site "Ghent"]
[Date "2018.05.10"]
[Round "1"]
[White "Vandenbussche, Thibaut"]
[Black "De Block, Yordi"]
[Result "1-0"]
[WhiteElo "2419"]
[BlackElo "2068"]
[PlyCount "47"]
[EventDate "2018.05.10"]
[EventType "swiss"]
[EventRounds "7"]
[EventCountry "BEL"]
[SourceTitle "CBM 184 Extra"]
[Source "ChessBase"]
[SourceDate "2018.06.28"]
[SourceVersion "1"]
[SourceVersionDate "2018.06.28"]
[SourceQuality "1"]

1. e4 e5 2. Nf3 Nf6 3. Nxe5 d6 4. Nf3 Nxe4 5. d4 d5 6. Bd3 Be7 7. 0-0 Bg4 8. Re1 f5 9. c4 Nc6 10. cxd5 Qxd5 11. Nc3 Nxc3 12. bxc3 0-0-0 13. Rb1 Rhe8 14. Rb5 Qf7 15. h3 Bxf3 16. Qxf3 g6 17. Be3 Bg5 18. Rxb7 Rxe3 19. fxe3 Kxb7 20. Rb1+ Kc8 21. Qxc6 Bxe3+ 22. Kh1 Rd6 23. Ba6+ Kd8 24. Rb8+ 1-0

[Event "Wch U20 56th"]
[Site "Tarvisio"]
[Date "2017.11.22"]
[Round "9"]
[White "De Block, Yordi"]
[Black "Song, Yuxin"]
[Result "1/2-1/2"]
[WhiteElo "2119"]
[BlackElo "1951"]
[PlyCount "113"]
[EventDate "2017.11.13"]
[EventType "swiss"]
[EventRounds "11"]
[EventCountry "ITA"]
[SourceTitle "CBM 181 Extra"]
[Source "ChessBase"]
[SourceDate "2017.12.12"]
[SourceVersion "1"]
[SourceVersionDate "2017.12.12"]
[SourceQuality "1"]

1. d4 Nf6 2. Nf3 e6 3. c4 Bb4+ 4. Bd2 Be7 5. Nc3 d5 6. g3 0-0 7. b3 c6 8. Bg2 b6 9. 0-0 Nbd7 10. Ne5 Nxe5 11. dxe5 Nd7 12. cxd5 cxd5 13. f4 Ba6 14. a4 Bb4 15. Nb5 Bxd2 16. Qxd2 Bxb5 17. axb5 Nc5 18. Qc2 a5 19. bxa6 Nxa6 20. e4 Rc8 21. Qd1 Nc7 22. exd5 Nxd5 23. Bxd5 Qxd5 24. Qxd5 exd5 25. Rac1 Rc5 26. Rfd1 Rb5 27. Rd3 Rd8 28. Kf2 Rc5 29. Rcd1 Kf8 30. b4 Rc4 31. Rd4 Ra8 32. f5 Rc2+ 33. R1d2 Rxd2+ 34. Rxd2 Rd8 35. Ke3 f6 36. e6 g6 37. g4 Ke7 38. Kd4 Rc8 39. Ra2 Kd6 40. Ra7 Rc4+ 41. Kd3 Rxg4 42. Rd7+ Kc6 43. b5+ Kc5 44. Rxh7 gxf5 45. Rf7 Kxb5 46. e7 Re4 47. h4 f4 48. h5 f3 49. h6 f2 50. Rxf6 Rxe7 51. Rxf2 Kc5 52. Rh2 Rh7 53. Kc3 b5 54. Rh5 Kc6 55. Kb4 Kb6 56. Rxd5 Rxh6 57. Rxb5+ 1/2-1/2

[Event "Wch U20 56th"]
[Site "Tarvisio"]
[Date "2017.11.21"]
[Round "8"]
[White "De Block, Yordi"]
[Black "Chan, Sheng Liang Bernard"]
[Result "1-0"]
[WhiteElo "2119"]
[BlackElo "1698"]
[PlyCount "147"]
[EventDate "2017.11.13"]
[EventType "swiss"]
[EventRounds "11"]
[EventCountry "ITA"]
[SourceTitle "CBM 181 Extra"]
[Source "ChessBase"]
[SourceDate "2017.12.12"]
[SourceVersion "1"]
[SourceVersionDate "2017.12.12"]
[SourceQuality "1"]

1. d4 d5 2. Bf4 c5 3. e3 Nc6 4. Nc3 cxd4 5. exd4 Bf5 6. Nf3 e6 7. Bd3 Bg4 8. Be2 Bd6 9. Bg3 Bxg3 10. hxg3 Bxf3 11. gxf3 Qb6 12. Bb5 Nge7 13. Qd3 0-0-0 14. Ne2 Kb8 15. c3 e5 16. Bxc6 Nxc6 17. Kf1 g6 18. a4 f5 19. b4 e4 20. Qe3 Ne7 21. a5 Qf6 22. a6 b6 23. Qf4+ Qd6 24. Qe3 Qf6 25. Kg2 g5 26. Rh5 Rdg8 27. fxe4 fxe4 28. g4 Ng6 29. Rah1 Nh4+ 30. Kf1 b5 31. Qg3+ Kc8 32. Qe5 Qxe5 33. dxe5 Rg6 34. Nd4 Rxa6 35. R1xh4 gxh4 36. Nxb5 Ra1+ 37. Kg2 Ra2 38. Nd6+ Kb8 39. Kg1 Rc2 40. e6 Kc7 41. Rxd5 Rg8 42. e7 Rxg4+ 43. Kf1 Rg8 44. e8Q Rxe8 45. Nxe8+ Kb6 46. Rd6+ Kb5 47. Rd5+ Kc4 48. Rd4+ Kxc3 49. Rxe4 h3 50. Rh4 h2 51. b5 Rc1+ 52. Kg2 h1Q+ 53. Rxh1 Rxh1 54. Kxh1 Kb4 55. Nd6 Kc5 56. Nc8 Kxb5 57. Nxa7+ Kc4 58. Nc8 Kd4 59. Nd6 Ke5 60. Nc4+ Kf4 61. Nd2 h5 62. Kh2 Kg4 63. Kg2 Kh4 64. f3 Kg5 65. Kh3 h4 66. Kg2 Kf5 67. Ne4 Kf4 68. Nf2 Ke5 69. Nh3 Kf6 70. Kf2 Ke5 71. Ke3 Kf5 72. Nf2 Ke5 73. f4+ Kf5 74. Kf3 1-0

[Event "Wch U20 56th"]
[Site "Tarvisio"]
[Date "2017.11.19"]
[Round "6"]
[White "De Block, Yordi"]
[Black "Bayaraa, Chinguun"]
[Result "0-1"]
[WhiteElo "2119"]
[BlackElo "1820"]
[PlyCount "154"]
[EventDate "2017.11.13"]
[EventType "swiss"]
[EventRounds "11"]
[EventCountry "ITA"]
[SourceTitle "CBM 181 Extra"]
[Source "ChessBase"]
[SourceDate "2017.12.12"]
[SourceVersion "1"]
[SourceVersionDate "2017.12.12"]
[SourceQuality "1"]

1. d4 Nf6 2. Bf4 g6 3. e3 d5 4. Nf3 Bg7 5. c4 c6 6. Nc3 Bg4 7. h3 Bxf3 8. Qxf3 0-0 9. Bd3 dxc4 10. Bxc4 Nbd7 11. 0-0 Nb6 12. Bb3 Nfd5 13. Bh2 Rc8 14. Rac1 Nxc3 15. bxc3 e6 16. Qe2 Qe7 17. c4 Nd7 18. Rfd1 Rfd8 19. c5 e5 20. Qc4 b6 21. cxb6 Nxb6 22. Qc5 Qxc5 23. dxc5 Nd5 24. e4 Nf4 25. Kf1 Bf8 26. f3 Nd3 27. Rc3 Nxc5 28. Bc2 Rxd1+ 29. Bxd1 Bd6 30. Bg1 Ne6 31. Bxa7 Ra8 32. Be3 c5 33. Bb3 Nd4 34. Bd5 Ra6 35. Kf2 Kf8 36. Bc4 Ra8 37. Rc1 Rb8 38. Bxd4 cxd4 39. Bb3 Ke7 40. Ke2 f6 41. Kd3 Kd7 42. h4 f5 43. h5 Ke7 44. hxg6 hxg6 45. Rh1 Rc8 46. Bc4 fxe4+ 47. fxe4 Kf6 48. a4 Ra8 49. Ra1 Bb4 50. Rf1+ Kg5 51. Bb5 Rc8 52. Rb1 Rc3+ 53. Ke2 Ba5 54. Bd3 Ra3 55. Rb5 Rxa4 56. Rxe5+ Kf4 57. Rc5 Ra1 58. Kf2 Be1+ 59. Ke2 Bc3 60. Bc2 Re1+ 61. Kf2 Re3 62. Rc7 Be1+ 63. Kf1 Bg3 64. Rf7+ Ke5 65. Kg1 d3 66. Ba4 Re1+ 67. Rf1 d2 68. Bc2 g5 69. Bd1 Kxe4 70. Ba4 Ke3 71. Bc2 Bf2+ 72. Kh2 Rxf1 73. g4 d1R 74. Bxd1 Rxd1 75. Kh3 Kf3 76. Kh2 Bg3+ 77. Kh3 Rh1# 0-1

[Event "Wch U20 56th"]
[Site "Tarvisio"]
[Date "2017.11.17"]
[Round "5"]
[White "Zarubitski, Viachaslau"]
[Black "De Block, Yordi"]
[Result "1-0"]
[WhiteElo "2344"]
[BlackElo "2119"]
[PlyCount "105"]
[EventDate "2017.11.13"]
[EventType "swiss"]
[EventRounds "11"]
[EventCountry "ITA"]
[SourceTitle "CBM 181 Extra"]
[Source "ChessBase"]
[SourceDate "2017.12.12"]
[SourceVersion "1"]
[SourceVersionDate "2017.12.12"]
[SourceQuality "1"]

1. e4 e5 2. Nf3 Nc6 3. Bb5 a6 4. Ba4 Nf6 5. 0-0 Be7 6. Re1 b5 7. Bb3 d6 8. c3 0-0 9. h3 Na5 10. Bc2 c5 11. d4 cxd4 12. cxd4 Nc6 13. Nc3 Qc7 14. Be3 Bd7 15. Rc1 Qb7 16. Nd5 Bd8 17. Bb1 Re8 18. Nxf6+ Bxf6 19. d5 Ne7 20. Qd2 g6 21. Qa5 Rac8 22. Qb4 Qb8 23. Qa3 Rxc1 24. Rxc1 Bc8 25. Nd2 Bb7 26. Nb3 Nc8 27. Na5 Bd8 28. Nc6 Bxc6 29. Rxc6 a5 30. Bd3 Rf8 31. Qb3 b4 32. Bh6 Re8 33. Qa4 Bb6 34. Ba6 Rd8 35. Qb5 f6 36. Kf1 Na7 37. Qxb6 Nxc6 38. Qxc6 g5 39. h4 Kf7 40. hxg5 Kg6 41. Qc1 Qb6 42. Be2 Qc5 43. Qd2 Qd4 44. Qxd4 exd4 45. f4 fxg5 46. Bxg5 Re8 47. Bb5 Rc8 48. Bc6 Rf8 49. g3 Kf7 50. Ke2 Rg8 51. Kd3 h6 52. Bh4 b3 53. a3 1-0

[Event "BEL-ch U20"]
[Site "Blankenberge"]
[Date "2017.04.09"]
[Round "1"]
[White "Bressan, Guillaume"]
[Black "De Block, Yordi"]
[Result "0-1"]
[WhiteElo "1736"]
[BlackElo "2073"]
[PlyCount "104"]
[EventDate "2017.04.09"]
[EventType "swiss"]
[EventRounds "9"]
[EventCountry "BEL"]
[SourceTitle "CBM 178 Extra"]
[Source "ChessBase"]
[SourceDate "2017.06.22"]
[SourceVersion "1"]
[SourceVersionDate "2017.06.22"]
[SourceQuality "1"]

1. e4 g6 2. d4 Bg7 3. Nc3 d6 4. f4 Nd7 5. Nf3 a6 6. a4 e6 7. Be2 Ne7 8. 0-0 0-0 9. Be3 b6 10. Qd2 d5 11. e5 Nf5 12. Bf2 c5 13. g4 Nxd4 14. Nxd4 cxd4 15. Bxd4 Qc7 16. Qe3 Rd8 17. Rf2 Bf8 18. h4 Bc5 19. h5 Bxd4 20. Qxd4 Qc5 21. Qd3 Qe7 22. hxg6 fxg6 23. Nxd5 Qf8 24. Rd1 Bb7 25. Nc7 Nc5 26. Qc4 Rxd1+ 27. Bxd1 Rd8 28. Bf3 Bxf3 29. Rxf3 Qe7 30. b4 Qxc7 31. bxc5 Qxc5+ 32. Qxc5 bxc5 33. Rd3 Rxd3 34. cxd3 h5 35. Kg2 Kg7 36. Kg3 Kh6 37. Kh4 a5 38. Kg3 g5 39. fxg5+ Kxg5 40. gxh5 Kxh5 41. Kf4 Kh4 42. Kf3 Kg5 43. Ke4 Kg4 44. Ke3 Kf5 45. d4 c4 46. Kf3 c3 47. Ke3 c2 48. Kd2 Ke4 49. Kxc2 Kxd4 50. Kd2 Kxe5 51. Ke3 Kd5 52. Kd3 Kc5 0-1

[Event "EU-ch U18 26th"]
[Site "Prague"]
[Date "2016.08.27"]
[Round "9"]
[White "Nastase, Robert Paul"]
[Black "De Block, Yordi"]
[Result "1-0"]
[WhiteElo "2163"]
[BlackElo "2015"]
[PlyCount "73"]
[EventDate "2016.08.18"]
[EventType "swiss"]
[EventRounds "9"]
[EventCountry "CZE"]
[SourceTitle "CBM 174 Extra"]
[Source "ChessBase"]
[SourceDate "2016.10.10"]
[SourceVersion "1"]
[SourceVersionDate "2016.10.10"]
[SourceQuality "1"]

1. e4 d5 2. exd5 Qxd5 3. Nc3 Qd6 4. d4 Nf6 5. Nf3 Bg4 6. h3 Bxf3 7. Qxf3 c6 8. Be3 e6 9. 0-0-0 Nd5 10. Ne4 Qc7 11. Bd2 Nd7 12. Kb1 N7f6 13. Ng3 Bd6 14. c4 Ne7 15. Ne2 Ng6 16. h4 h5 17. g3 e5 18. Bg5 Ng4 19. Bh3 f6 20. Bc1 exd4 21. Nxd4 N6e5 22. Qe2 0-0 23. Ne6 Qe7 24. Nxf8 Qxf8 25. f4 Nf7 26. Bxg4 hxg4 27. Qxg4 Re8 28. Rhe1 Bb4 29. Re2 Nh6 30. Qh5 Rxe2 31. Qxe2 Qf7 32. Ka1 Nf5 33. g4 Ne7 34. a3 Bc5 35. b4 Bb6 36. c5 Bc7 37. Rd7 1-0

[Event "EU-ch U18 26th"]
[Site "Prague"]
[Date "2016.08.24"]
[Round "6"]
[White "Thorhallsson, Simon"]
[Black "De Block, Yordi"]
[Result "1/2-1/2"]
[WhiteElo "2169"]
[BlackElo "2015"]
[PlyCount "98"]
[EventDate "2016.08.18"]
[EventType "swiss"]
[EventRounds "9"]
[EventCountry "CZE"]
[SourceTitle "CBM 174 Extra"]
[Source "ChessBase"]
[SourceDate "2016.10.10"]
[SourceVersion "1"]
[SourceVersionDate "2016.10.10"]
[SourceQuality "1"]

1. d4 d5 2. c4 c6 3. Nf3 Nf6 4. Nc3 Bf5 5. cxd5 cxd5 6. Qb3 Qb6 7. Qxb6 axb6 8. Bg5 e6 9. e3 Bb4 10. Bb5+ Kf8 11. 0-0 Bxc3 12. bxc3 Ne4 13. Bf4 Ke7 14. Rfc1 Ra3 15. Nh4 Nxc3 16. Nxf5+ exf5 17. Bf1 Nc6 18. Rxc3 Rxc3 19. Rb1 Ra8 20. Rxb6 Rxa2 21. Rxb7+ Kf6 22. h4 Ra1 23. Rc7 Rd1 24. g3 Rcc1 25. Kg2 Rxf1 26. Rxc6+ Rxc6 27. Kxf1 Ke6 28. Ke2 f6 29. Kf3 Rc8 30. Kg2 h6 31. h5 Kd7 32. Kf3 Rc2 33. Bb8 Ra2 34. Bf4 Ra1 35. Kg2 Rb1 36. Kh2 Ke6 37. Kg2 Kf7 38. Kh2 g5 39. hxg6+ Kxg6 40. Kg2 h5 41. Kf3 Rg1 42. Bc7 f4 43. Bxf4 Kf5 44. Bc7 Rc1 45. Bf4 Rc8 46. Bd6 Rh8 47. Bf4 h4 48. gxh4 Rxh4 49. Kg3 Rh8 1/2-1/2

[Event "EU-ch U18 26th"]
[Site "Prague"]
[Date "2016.08.22"]
[Round "5"]
[White "De Block, Yordi"]
[Black "Beeck, Mats"]
[Result "1/2-1/2"]
[WhiteElo "2015"]
[BlackElo "2196"]
[PlyCount "148"]
[EventDate "2016.08.18"]
[EventType "swiss"]
[EventRounds "9"]
[EventCountry "CZE"]
[SourceTitle "CBM 174 Extra"]
[Source "ChessBase"]
[SourceDate "2016.10.10"]
[SourceVersion "1"]
[SourceVersionDate "2016.10.10"]
[SourceQuality "1"]

1. d4 g6 2. e4 Bg7 3. Nf3 d6 4. Nc3 a6 5. Bc4 e6 6. 0-0 b5 7. Bd3 Bb7 8. Ne2 c5 9. c3 Nf6 10. Ng3 0-0 11. dxc5 dxc5 12. Bf4 Qb6 13. Qe2 Nc6 14. a3 c4 15. Bc2 Rfe8 16. Rad1 e5 17. Bc1 Rad8 18. Rxd8 Rxd8 19. Rd1 Qc7 20. Nf1 Rxd1 21. Qxd1 Qd7 22. Qe2 Qd6 23. N1d2 Qc5 24. Nb1 Bc8 25. b4 cxb3 26. Bxb3 Na5 27. Ba2 h6 28. h3 Qd6 29. Nfd2 Nh5 30. Nf1 Nf4 31. Qf3 Qf6 32. Nbd2 Be6 33. Bxe6 Qxe6 34. Nb1 Qa2 35. Bxf4 Qxb1 36. Be3 Nc4 37. Bc5 Nd2 38. Qe2 Nxe4 39. Bb4 Bf8 40. Bxf8 Kxf8 41. Kh2 Nxc3 42. Qxe5 Qxf1 43. Qh8+ Ke7 44. Qxc3 Qc4 45. Qe3+ Qe6 46. Qxh6 Qd6+ 47. g3 Qxa3 48. Qg5+ Ke6 49. Qg4+ Kf6 50. Qd4+ Ke7 51. Qe5+ Kd7 52. Qd5+ Qd6 53. Qxf7+ Kc6 54. Qe8+ Kb6 55. Qe3+ Ka5 56. Qe1+ b4 57. Qa1+ Kb6 58. Qe1 a5 59. Qe3+ Kb5 60. Qe2+ Kc5 61. Qe3+ Kc4 62. Qe4+ Kc3 63. Qe3+ Kb2 64. Qe2+ Ka3 65. Qe1 Qd4 66. Qc1+ Qb2 67. Qe3+ Ka2 68. Qb6 a4 69. Qa7 a3 70. Qf7+ b3 71. Kg2 Qc2 72. Qe6 Qd2 73. h4 Ka1 74. Qxb3 a2 1/2-1/2

[Event "EU-ch U18 26th"]
[Site "Prague"]
[Date "2016.08.19"]
[Round "2"]
[White "De Block, Yordi"]
[Black "Seresin, Francesco"]
[Result "0-1"]
[WhiteElo "2015"]
[BlackElo "2200"]
[PlyCount "128"]
[EventDate "2016.08.18"]
[EventType "swiss"]
[EventRounds "9"]
[EventCountry "CZE"]
[SourceTitle "CBM 174 Extra"]
[Source "ChessBase"]
[SourceDate "2016.10.10"]
[SourceVersion "1"]
[SourceVersionDate "2016.10.10"]
[SourceQuality "1"]

1. d4 d5 2. Bf4 c5 3. e3 Nc6 4. Nc3 a6 5. Nf3 Bg4 6. Be2 e6 7. Ne5 Bxe2 8. Nxe2 Nf6 9. c3 Nxe5 10. Bxe5 Nd7 11. Bg3 Be7 12. 0-0 0-0 13. Nf4 Rc8 14. Nd3 Qb6 15. Qd2 Qa5 16. dxc5 Nxc5 17. Nxc5 Qxc5 18. Rfd1 Bf6 19. Qe2 Qc4 20. Qxc4 Rxc4 21. f3 h5 22. a3 b5 23. Bd6 Rfc8 24. Bb4 Bd8 25. Rd4 Bb6 26. Rd3 a5 27. Bd6 f6 28. Bg3 b4 29. axb4 axb4 30. Be1 b3 31. Kf2 Bc5 32. Ra6 Kf7 33. Ke2 g5 34. Rd1 g4 35. Rda1 gxf3+ 36. Kxf3 Rg8 37. Ra8 Rg5 38. Rb8 Rf5+ 39. Ke2 Re5 40. Bd2 Rce4 41. Rxb3 Bxe3 42. Bxe3 Rxe3+ 43. Kf1 h4 44. h3 Kg6 45. Rb4 Rf5+ 46. Kg1 Rg5 47. Rf1 Rxh3 48. Rf2 f5 49. Rb6 Re3 50. Kh2 Rg4 51. Rd2 Kf7 52. Rc6 Rc4 53. Rxc4 dxc4 54. Rd4 Re4 55. Kh3 Rxd4 56. cxd4 Ke7 57. Kxh4 Kd6 58. Kg5 Kd5 59. Kf6 f4 60. Kg5 e5 61. dxe5 Kxe5 62. Kg4 Ke4 63. Kg5 Kd3 64. Kxf4 Kc2 0-1